000 00449nam a2200157Ia 4500
008 220204s9999 xx 000 0 und d
020 _a81250255995
082 _a632.95:613.99
_bJAC
100 _aDinham, Barbara
245 0 _aSilent invaders: Pesticides, livelihoods and womans health
260 _aNew Delhi
_bOrient Longman
_c2003
650 _aPesticide exposure
650 _aPesticide regulation
700 _aJacobs, Miriam
942 _cBK
999 _c42611
_d42611